000 013540000a22003490004500
003 EG-GICUC
005 20250223031033.0
008 070123s2004 ua a f m 000 0 eng d
040 _aEG-GICUC
_beng
_cEG-GICUC
041 0 _aEng
049 _aDeposite
097 _aM.Sc
099 _aCai01.13.04.M.Sc.2004.Ay.S
100 0 _aAyman Taha Abd El azem Elgendi
245 1 0 _aStudies on the fabrication of polyamide membranes using casting technique /
_cAyman Taha Abd El azem Elgendi ; Supervised Nabil Mahmoud Abd El monem , Ahmed Nasr Eldin Mahdy , Hala Ahmed Talaat Aziz
246 1 5 _aدراسات عن تصنيع اغشية البولى اميد باسلوب الصب
260 _aCairo :
_bAyman Taha Abd El azem Elgendi ,
_c2004
300 _a120P :
_bill ;
_c30cm
502 _aThesis (M.Sc.) - Cairo University - Faculty Of Engineering - Department Of Chemical Engineering
530 _aIssued also as CD
653 4 _aCasting technique
653 4 _aChemical Engineering
653 4 _aFabrication
653 4 _aPolyamide membranes
700 0 _aAhmed Nasr Eldin Mahdy ,
_eSupervisor
700 0 _aHala Ahmed Talaat Aziz ,
_eSupervisor
700 0 _aNabil Mahmoud Abd El monem ,
_eSupervisor
856 _uhttp://172.23.153.220/th.pdf
905 _aEnas
_ecataloger
905 _aMustafa
_eRevisor
942 _2ddc
_cTH
999 _c47156
_d47156